| 000 | 01666nam2a22003251 4500 | ||
|---|---|---|---|
| 001 | RU\NLR\A1SV\59889 | ||
| 005 | 20251203152403.2 | ||
| 035 | _a(NLR Aleph) 009741845 | ||
| 090 |
_a13481553 _c13481553 |
||
| 100 | _a20081219d1923 u y0rusy50 ca | ||
| 101 | 0 | _arus | |
| 200 | 0 | _a2 | |
| 210 | _d1923 | ||
| 215 | _a119 с. | ||
| 327 | 1 |
_aСтихи: Вячеслав Иванов, К.Бальмонт, Мих.Герасимов _aПроза: Крестики / А.Ремизов _aТатарские серьги / Б.Пильняк _aВасса / С.Григорьев _aЗоренька / Н.Телешов _aТуман / С.Елпатьевский _aСуд / С.Анисимов |
|
| 461 | 1 |
_1001RU\NLR\A1SV\59887 _12000#$aМосковский альманах$v2 _99946657 _cМ. _d1922-1923 _nКн-во писателей в Москве _tМосковский альманах _v2 |
|
| 702 | 1 |
_aИванов _bВ. И. _f1866-1949 _gВячеслав Иванович |
|
| 702 | 1 |
_aБальмонт _bК. Д. _f1867-1942 _gКонстантин Дмитриевич |
|
| 702 | 1 |
_aГерасимов _bМ. _gМих. |
|
| 702 | 1 |
_aРемизов _bА. М. _f1877-1957 _gАлексей Михайлович |
|
| 702 | 1 |
_aПильняк _bБ. А. _f1894-1938 _gБорис Андреевич |
|
| 702 | 1 |
_aГригорьев _bС. |
|
| 702 | 1 |
_4070 _7ca _8rus _aТелешов _bН. Д. _f1867-1957 _gНиколай Дмитриевич _939514 _3RU\NLR\auth\7756582 |
|
| 702 | 1 |
_aЕлпатьевский _bС. Я. _f1854-1933 _gСергей Яковлевич |
|
| 801 | 0 |
_aRU _bNLR _c20081219 |
|
| 852 |
_aNLR _j38.29.8.46-1-2 |
||
| 942 | _cBOOK | ||
| 980 | _aA1SV | ||
| 980 | _aNB | ||